[Event "IECC O email"]
[Site "IECC email"]
[Date "2003.03.27"]
[Round "?"]
[White "Cuttica, Gerardo Axel"]
[Black "Penev, Boyan"]
[Result "1-0"]
[WhiteElo "1601"]
[BlackElo "1526"]
[PlyCount "47"]
[EventDate "2003.??.??"]
[EventType "tourn (corr)"]
[EventRounds "6"]
[SourceTitle "Corr 2008"]
[Source "ChessBase"]
[SourceDate "2008.06.24"]
[SourceVersion "1"]
[SourceVersionDate "2008.06.24"]
[SourceQuality "1"]

1. e4 e5 2. Nf3 Nc6 3. d4 d6 4. dxe5 dxe5 5. Qxd8+ Kxd8 6. Bb5 Nge7 7. Nc3 f5 8. Bg5 Bd7 9. Bxc6 Bxc6 10. 0-0-0+ Ke8 11. Nxe5 h6 12. Bxe7 Bxe7 13. Nxc6 bxc6 14. exf5 Bg5+ 15. Kb1 Rf8 16. Rhe1+ Be7 17. g4 Rd8 18. Rxd8+ Kxd8 19. Ne2 Bf6 20. Nf4 Kd7 21. Rd1+ Kc8 22. Ne6 Re8 23. c3 Be5 24. f4 1-0